00789nam a2200205Ia 4500008004100000020001500041050001900056100002500075240005700100245010500157260003600262300003500298500006400333650003900397650004100436650001800477650002800495700002700523700003300550120625s2003 mx 001 0 spa d a8480197188 4aRC1235 bV57181 aViru, Atkoe, autor 10aBiochemical monitoring of sport traininglEspañol 10aAnálisis y control del rendimiento deportivoc / Atko Viru, Mehis Viru ; traducción Marta Moreno aEspañab : Paidotriboc, 2003 axiv, 286 páginas c ; 28 cm. aTítulo original: Biochemical monitoring of sport training 4aDEPORTESxASPECTOS FISIOLÓGICOS  4aEJERCICIO xASPECTOS FISIOLÓGICOS  4aBIOQUÍMICA  4aBIOQUÍMICA CLÍNICA 1 aViru, Mehis e, autor 1 aMoreno, Marta e, traductor